000 00676nam a2200181 a 4500
008 080926s2007 ||||||||||||||||| || u
050 _aIBRD(08)PRWP
100 _aHegre, Havard
245 1 0 _aDemocratic Jihad?: military intervention and democracy
260 _aWashington, D.C.
_bWorld Bank
_c2007
300 _a62p.
350 _a0.00
490 _aWorld Bank policy research working papers
700 _aGleditsch, Nils Petter
700 _aChristiansen, Lene Siljeholm
710 _aWorld Bank
995 _D0.00
_FCBU-MAIN LIBRARY (Kitwe)
_H1
_I0.00
_M4242
_UAVAILABLE
_WSep 26, 2008
_ZInternational Publications
999 _c39594
_d39594